BCA 2007 (Record no. 106789)
[ view plain ]
| 000 -LEADER | |
|---|---|
| fixed length control field | 00983cam a22002175a 4500 |
| 001 - CONTROL NUMBER | |
| control field | L137447 |
| 008 - FIXED-LENGTH DATA ELEMENTS--GENERAL INFORMATION | |
| fixed length control field | 070405s2007 xxk f 000 0 eng d |
| 020 ## - INTERNATIONAL STANDARD BOOK NUMBER | |
| International Standard Book Number | 1741951089 |
| 035 ## - SYSTEM CONTROL NUMBER | |
| System control number | (Sirsi) u137447 |
| 041 0# - LANGUAGE CODE | |
| Language code of text/sound track or separate title | eng |
| 050 04 - LIBRARY OF CONGRESS CALL NUMBER | |
| Classification number | 692.2994 $2 18 |
| 110 2# - MAIN ENTRY--CORPORATE NAME | |
| Corporate name or jurisdiction name as entry element | Australian Building Codes Board |
| 9 (RLIN) | 4238 |
| 245 00 - TITLE STATEMENT | |
| Title | BCA 2007 |
| Remainder of title | Building Code of Australia |
| -- | volume two |
| -- | class 1 and class 10 buildings |
| 260 ## - PUBLICATION, DISTRIBUTION, ETC. | |
| Place of publication, distribution, etc. | Canberra |
| Name of publisher, distributor, etc. | ABCB |
| Date of publication, distribution, etc. | 2007 |
| 300 ## - PHYSICAL DESCRIPTION | |
| Extent | 685p. |
| Dimensions | 25cm. |
| 520 ## - SUMMARY, ETC. | |
| Summary, etc. | Technical provisions for the design and construction of buildings and other structures throughout Australia, allowing for variations in climate and geological or geographical conditions. Discusses application, interpretation, and acceptance of design and construction. Discusses structure, damp and weather-proofing, fire safety, health and amenity, earthworks, drainage and usage of building materials. |
| 590 ## - LOCAL NOTE (RLIN) | |
| Local note | KA |
| 651 #4 - SUBJECT ADDED ENTRY--GEOGRAPHIC NAME | |
| Geographic name | AUSTRALIA |
| 690 ## - LOCAL SUBJECT ADDED ENTRY--TOPICAL TERM (OCLC, RLIN) | |
| Topical term or geographic name as entry element | Building regulations |
| 9 (RLIN) | 6224 |
| 942 ## - ADDED ENTRY ELEMENTS (KOHA) | |
| Suppress in OPAC | 0 |
| Withdrawn status | Lost status | Source of classification or shelving scheme | Damaged status | Not for loan | Home library | Current library | Shelving location | Date acquired | Total Checkouts | Full call number | Barcode | Date last seen | Date last checked out | Copy number | Price effective from | Koha item type |
|---|---|---|---|---|---|---|---|---|---|---|---|---|---|---|---|---|
| Dewey Decimal Classification | London | London | Books | 29/05/2007 | 1 | 692.2994 AUS | 30072311 | 06/08/2019 | 16/08/2007 | 1 | 06/08/2019 | Book |